Normal view MARC view
  • political theory

Entry Topical Term

Number of records used in: 1

001 - CONTROL NUMBER

  • control field: 105309

003 - CONTROL NUMBER IDENTIFIER

  • control field: NUST

005 - DATE AND TIME OF LATEST TRANSACTION

  • control field: 20221220111844.0

008 - FIXED-LENGTH DATA ELEMENTS

  • fixed length control field: 221220|| aca||aabn | a|a d

040 ## - CATALOGING SOURCE

  • Original cataloging agency: NUST
  • Transcribing agency: NUST

150 ## - HEADING--TOPICAL TERM

  • Topical term or geographic name entry element: political theory

670 ## - SOURCE DATA FOUND

  • Source citation: Work cat.: (NUST)184901: Barker, Ernest, Sir, 105308, Greek political theory, Plato and his predecessors / , [1960]
© 2023 Central Library, National University of Sciences and Technology. All Rights Reserved.